| 000 | 01060cam a2200325 a 4500 | ||
|---|---|---|---|
| 001 | 89972 | ||
| 005 | 20230410101557.0 | ||
| 008 | 091217s2008 cu af 000 0 spa c | ||
| 035 | _a(OCoLC)ocn489495950 | ||
| 040 |
_aIQU _beng _cIQU _dIQU _dUBY _dOCLCA _dIXA |
||
| 020 | _a9789590108198 | ||
| 020 | _a9590108199 | ||
| 029 | 1 |
_aGBVCP _b603305334 |
|
| 035 | _a(OCoLC)489495950 | ||
| 042 | _apcc | ||
| 043 | _anwcu--- | ||
| 050 | 1 | 4 |
_a107 PN 1991.3 _bS573 2008 |
| 245 | 0 | 0 |
_a7RR, la historia de Radio Rebelde : _btestimonio / _c[Ricardo Martinez Victores, compilador]. |
| 246 | 3 | 0 | _aSiete RR |
| 250 | _a2a ed., rev. y ampliada. | ||
| 260 |
_aCiudad de La Habana, Cuba : _bEditora PolĂtica, _c2008. |
||
| 300 |
_axiv, 383 p., [16] p. of plates : _bill. ; _c23 cm. |
||
| 610 | 2 | 0 | _a7RR (Radio station : Cuba) |
| 650 | 0 |
_aGovernment, Resistance to _zCuba _xHistory _y20th century. |
|
| 651 | 0 |
_aCuba _xPolitics and government _y1933-1959. |
|
| 700 | 1 |
_aMartinez Victores, Ricardo, _d1936-2006. |
|
| 942 |
_2lcc _cbk |
||
| 994 |
_aC0 _bDRFGD |
||
| 946 | _aMF | ||
| 999 |
_c10338 _d10338 |
||